000 00546nam a2200181Ia 4500
008 220216s9999 xx 000 0 und d
100 _aAkatova I N
245 0 _aEffect of the type of coagulant on coagulation properties of rubbers, compounds and vulcanisates
260 _bInternational Polymer Science and Technology
_c2004
300 _a4-Jan
650 _aCoagulation properties
650 _aRubber compounds
650 _aVulcanisates
700 _aKondrateva N A
700 _aKorystin S I
700 _aNikulin S S
942 _cJS
999 _c58207
_d58207